[Event "Olympiad Women-45"]
[Site "Budapest"]
[Date "2024.09.12"]
[Round "2.1"]
[White "Korenova, Martina"]
[Black "Sachdev, Tania"]
[Result "1/2-1/2"]
[WhiteElo "2104"]
[BlackElo "2386"]
[PlyCount "67"]
[EventDate "2024.09.11"]
[EventType "team-swiss"]
[EventRounds "11"]
[EventCountry "HUN"]
[SourceTitle "EXT 2025"]
[Source "ChessBase"]
[SourceDate "2024.10.14"]
[SourceVersion "1"]
[SourceVersionDate "2024.10.14"]
[SourceQuality "1"]
[WhiteTeam "Czech Republic (W)"]
[BlackTeam "India (W)"]
[WhiteTeamCountry "CZE"]
[BlackTeamCountry "IND"]

1. e4 e5 2. Nf3 Nc6 3. Bb5 a6 4. Ba4 Nf6 5. d3 d6 6. c4 Be7 7. d4 exd4 8. Nxd4 Bd7 9. Nc3 0-0 10. Nxc6 Bxc6 11. Bxc6 bxc6 12. 0-0 Nd7 13. Qa4 c5 14. Nd5 Bf6 15. Nxf6+ Nxf6 16. Re1 Re8 17. Bg5 h6 18. Bxf6 Qxf6 19. Re2 Rab8 20. Rae1 Re7 21. b3 Rb6 22. Qa5 Qe5 23. g3 g5 24. Qd2 Qd4 25. Qe3 Qxe3 26. Rxe3 f6 27. f4 Kf7 28. Kf2 Rb8 29. e5 dxe5 30. fxe5 Rbe8 31. exf6 Rxe3 32. Rxe3 Rxe3 33. Kxe3 Kxf6 34. Ke4 1/2-1/2

[Event "Barcelona Sants op 25th"]
[Site "Barcelona"]
[Date "2024.09.01"]
[Round "10"]
[White "Iglesias Ferreira, Andres"]
[Black "Sachdev, Tania"]
[Result "0-1"]
[WhiteElo "2298"]
[BlackElo "2386"]
[PlyCount "96"]
[EventDate "2024.08.23"]
[EventType "swiss"]
[EventRounds "10"]
[EventCountry "ESP"]
[SourceTitle "CBM 221 Extra"]
[Source "ChessBase"]
[SourceDate "2024.09.30"]
[SourceVersion "1"]
[SourceVersionDate "2024.09.30"]
[SourceQuality "1"]

1. e4 e5 2. Nf3 Nc6 3. Bb5 a6 4. Ba4 Nf6 5. 0-0 b5 6. Bb3 Bb7 7. Re1 Bc5 8. c3 0-0 9. d4 Bb6 10. Bg5 d6 11. a4 h6 12. Bh4 Qe7 13. Nbd2 exd4 14. Bd5 dxc3 15. bxc3 Rad8 16. Nf1 g5 17. Ng3 Nh7 18. Nf5 Qf6 19. Bg3 Rb8 20. Qc2 Ne7 21. Nxe7+ Qxe7 22. Bxb7 Rxb7 23. e5 d5 24. axb5 axb5 25. e6 Nf6 26. Qf5 fxe6 27. Rxe6 Qh7 28. Qe5 Ra7 29. Re1 Qg7 30. Re7 Rf7 31. Qe6 Bc5 32. Rxf7 Qxf7 33. Qc6 Bb6 34. Ne5 Qe7 35. Nf3 Qf7 36. Re6 Ra1+ 37. Ne1 Qd7 38. Kf1 Qxc6 39. Rxc6 Ne4 40. f3 Nxg3+ 41. hxg3 d4 42. Ke2 Rc1 43. Nd3 Rc2+ 44. Kd1 Rxc3 45. Rg6+ Kh7 46. Ne5 Re3 47. Re6 Bc5 48. f4 Bd6 0-1

[Event "Reykjavik op"]
[Site "Reykjavik"]
[Date "2024.03.21"]
[Round "9"]
[White "Sachdev, Tania"]
[Black "Payne, Matthew"]
[Result "1-0"]
[WhiteElo "2393"]
[BlackElo "2077"]
[PlyCount "81"]
[EventDate "2024.03.15"]
[EventType "swiss"]
[EventRounds "9"]
[EventCountry "ISL"]
[SourceTitle "CBM 219 Extra"]
[Source "ChessBase"]
[SourceDate "2024.05.31"]
[SourceVersion "1"]
[SourceVersionDate "2024.05.31"]
[SourceQuality "1"]

1. d4 Nf6 2. c4 g6 3. Nc3 Bg7 4. e4 d6 5. Bd3 0-0 6. Nge2 Nc6 7. 0-0 Nd7 8. Bc2 e5 9. d5 Nd4 10. Nxd4 exd4 11. Nb5 Ne5 12. Nxd4 Nxc4 13. Rb1 Qf6 14. Ne2 c6 15. b3 Nb6 16. Bb2 Qe7 17. Bxg7 Kxg7 18. a4 cxd5 19. a5 Nd7 20. Qxd5 f5 21. Rbd1 Nf6 22. Qxd6 Qxd6 23. Rxd6 Nxe4 24. Bxe4 fxe4 25. h3 Rf6 26. Rd8 b6 27. Rc1 Rf8 28. Rc7+ Kg8 29. Rd4 Be6 30. b4 bxa5 31. Rxe4 Rf7 32. Rxf7 Kxf7 33. bxa5 Rc8 34. Rb4 Rc7 35. f3 Kf6 36. Nd4 Bc4 37. f4 g5 38. fxg5+ Kxg5 39. a6 Rc8 40. Rb7 Bxa6 41. Rxh7 1-0

[Event "Reykjavik op"]
[Site "Reykjavik"]
[Date "2024.03.18"]
[Round "6"]
[White "Can, Emre"]
[Black "Sachdev, Tania"]
[Result "1-0"]
[WhiteElo "2551"]
[BlackElo "2393"]
[PlyCount "93"]
[EventDate "2024.03.15"]
[EventType "swiss"]
[EventRounds "9"]
[EventCountry "ISL"]
[SourceTitle "CBM 219 Extra"]
[Source "ChessBase"]
[SourceDate "2024.05.31"]
[SourceVersion "1"]
[SourceVersionDate "2024.05.31"]
[SourceQuality "1"]

1. e4 e5 2. Nf3 Nc6 3. Bb5 a6 4. Ba4 Nf6 5. 0-0 b5 6. Bb3 Bb7 7. Re1 Bc5 8. c3 d6 9. d4 Bb6 10. a4 0-0 11. Bg5 h6 12. Bh4 Qe7 13. d5 Na5 14. Bxf6 Qxf6 15. Ba2 g5 16. b4 Nc4 17. Bxc4 bxc4 18. a5 Ba7 19. Qe2 c6 20. dxc6 Bxc6 21. Na3 Rac8 22. Nd2 Rfd8 23. Ndxc4 Bxe4 24. Nb6 Bxb6 25. axb6 Bb7 26. Nc4 d5 27. Na5 Qxb6 28. Qxe5 d4 29. cxd4 Bd5 30. Rab1 Ba2 31. Ra1 Be6 32. Qf6 Kh7 33. Rad1 Rd5 34. h3 Qxb4 35. Rxe6 fxe6 36. Qf7+ Kh8 37. Qxe6 Rcd8 38. Qxh6+ Kg8 39. Qg6+ Kh8 40. Nc6 Qd6 41. Qh5+ Kg7 42. Nxd8 Qxd8 43. Qe2 a5 44. Qa6 Qc7 45. Qe6 Rd7 46. d5 Rf7 47. Qe3 1-0

[Event "Titled Tuesday intern op 10th Jan Early"]
[Site "Chess.com INT"]
[Date "2023.01.10"]
[Round "3"]
[White "Deac, Bogdan Daniel"]
[Black "Sachdev, Tania"]
[Result "1-0"]
[WhiteElo "2700"]
[BlackElo "2389"]
[PlyCount "81"]
[EventDate "2023.01.10"]
[EventType "swiss (blitz)"]
[EventRounds "11"]
[EventCountry "USA"]
[SourceTitle "EXT 2024"]
[Source "ChessBase"]
[SourceDate "2023.10.10"]
[SourceVersion "1"]
[SourceVersionDate "2023.10.10"]
[SourceQuality "1"]

1. b3 d5 2. Bb2 Nf6 3. e3 c6 4. Nf3 Bf5 5. Nh4 Bg6 6. Nxg6 hxg6 7. g3 e6 8. Bg2 Nbd7 9. d3 Bd6 10. Nd2 Qe7 11. a3 0-0-0 12. Qe2 e5 13. b4 Kb8 14. Nb3 Nb6 15. Rc1 Na4 16. Ba1 e4 17. Bd4 Be5 18. c3 exd3 19. Qxd3 Ne4 20. Na5 Nd6 21. 0-0 Nb2 22. Qe2 Nbc4 23. Nxc4 Nxc4 24. e4 Bxd4 25. cxd4 Nxa3 26. Qb2 Nb5 27. exd5 cxd5 28. Rc5 Nc7 29. Ra1 a6 30. b5 Nxb5 31. Bf1 Rc8 32. Rxd5 Nc7 33. Re5 Qd6 34. Rb1 Nb5 35. Bxb5 axb5 36. Rxb5 Kc7 37. Rb6 Qd5 38. Rxb7+ Kd8 39. Qb4 Rc7 40. Rb8+ Rc8 41. Rxc8+ 1-0

[Event "Titled Tuesday intern op 10th Jan Early"]
[Site "Chess.com INT"]
[Date "2023.01.10"]
[Round "10"]
[White "Levitan, Caleb Levi"]
[Black "Sachdev, Tania"]
[Result "0-1"]
[WhiteElo "2006"]
[BlackElo "2389"]
[PlyCount "126"]
[EventDate "2023.01.10"]
[EventType "swiss (blitz)"]
[EventRounds "11"]
[EventCountry "USA"]
[SourceTitle "EXT 2024"]
[Source "ChessBase"]
[SourceDate "2023.10.10"]
[SourceVersion "1"]
[SourceVersionDate "2023.10.10"]
[SourceQuality "1"]

1. e4 c5 2. Nf3 e6 3. d4 cxd4 4. Nxd4 Nf6 5. Nc3 Nc6 6. Nxc6 bxc6 7. Bd3 d5 8. 0-0 Be7 9. f4 dxe4 10. Nxe4 0-0 11. Qf3 Bb7 12. b3 c5 13. Bb2 Nxe4 14. Bxe4 Bxe4 15. Qxe4 Bf6 16. Rad1 Qe7 17. Be5 Rfd8 18. h3 g6 19. Qc6 Bxe5 20. fxe5 Rac8 21. Qa6 Rxd1 22. Rxd1 Rf8 23. Qc6 Rb8 24. Rd7 Qg5 25. Qe4 c4 26. Rxa7 cxb3 27. axb3 Rd8 28. Kh2 Rd5 29. Ra8+ Kg7 30. c4 Rxe5 31. Qd4 Kh6 32. c5 Re3 33. Qg4 Qxg4 34. hxg4 Rxb3 35. c6 Rc3 36. Rc8 Kg5 37. Rf8 f6 38. Rf7 Rxc6 39. Rxh7 Kxg4 40. Rh3 g5 41. Rg3+ Kf5 42. Rf3+ Kg6 43. g4 f5 44. gxf5+ exf5 45. Kg3 Rc4 46. Rb3 Kh5 47. Kg2 f4 48. Rb8 Kg4 49. Rb2 Kf5 50. Kf3 g4+ 51. Kf2 Ke4 52. Re2+ Kd3 53. Re7 Rc2+ 54. Kf1 g3 55. Rf7 Ke4 56. Re7+ Kf3 57. Re1 Rf2+ 58. Kg1 Rg2+ 59. Kf1 Rh2 60. Kg1 Rc2 61. Kf1 Kg4 62. Kg1 f3 63. Re7 Rc1+ 0-1

[Event "Titled Tuesday intern op 10th Jan Early"]
[Site "Chess.com INT"]
[Date "2023.01.10"]
[Round "9"]
[White "Sachdev, Tania"]
[Black "Vasques, Antonio Pedro Freix"]
[Result "1-0"]
[WhiteElo "2389"]
[BlackElo "2213"]
[PlyCount "83"]
[EventDate "2023.01.10"]
[EventType "swiss (blitz)"]
[EventRounds "11"]
[EventCountry "USA"]
[SourceTitle "EXT 2024"]
[Source "ChessBase"]
[SourceDate "2023.10.10"]
[SourceVersion "1"]
[SourceVersionDate "2023.10.10"]
[SourceQuality "1"]

1. d4 Nf6 2. c3 g6 3. Nf3 Bg7 4. g3 c5 5. Bg2 0-0 6. d5 b5 7. 0-0 d6 8. c4 a6 9. Nc3 b4 10. Na4 Nbd7 11. Bg5 h6 12. Bf4 g5 13. Be3 Ng4 14. Bd2 Nde5 15. Nxe5 Nxe5 16. Qc2 Rb8 17. b3 e6 18. Rad1 exd5 19. Bxd5 Be6 20. Bc1 Qe7 21. Bb2 f5 22. Ba1 f4 23. Bxe5 dxe5 24. Bxe6+ Qxe6 25. Nxc5 Qh3 26. Nd7 g4 27. Nxf8 f3 28. Qh7+ Kxf8 29. Qf5+ Kg8 30. exf3 Rf8 31. Qxg4 Qxg4 32. fxg4 e4 33. Rfe1 Re8 34. Rd6 Bc3 35. Re3 Kf7 36. Rxa6 Rd8 37. Rxe4 Rd1+ 38. Kg2 Rd2 39. Rf4+ Ke8 40. Rxh6 Bd4 41. Rh7 Be3 42. Re4+ 1-0

[Event "Wch Blitz (Women)"]
[Site "Almaty"]
[Date "2022.12.30"]
[Round "16"]
[White "Gunina, Valentina"]
[Black "Sachdev, Tania"]
[Result "1/2-1/2"]
[WhiteElo "2368"]
[BlackElo "2309"]
[PlyCount "117"]
[EventDate "2022.12.29"]
[EventType "swiss (blitz)"]
[EventRounds "17"]
[EventCountry "KAZ"]
[SourceTitle "CBM 211 Extra"]
[Source "ChessBase"]
[SourceDate "2023.01.31"]
[SourceVersion "1"]
[SourceVersionDate "2023.01.31"]
[SourceQuality "1"]

1. d4 Nf6 2. c4 e6 3. Nf3 b6 4. g3 Bb7 5. Bg2 Be7 6. 0-0 0-0 7. Re1 d5 8. cxd5 exd5 9. Nc3 Re8 10. Bf4 Bd6 11. Bxd6 Qxd6 12. Rc1 c6 13. Nh4 g6 14. e4 dxe4 15. Nxe4 Nxe4 16. Bxe4 Nd7 17. Bg2 Nf6 18. Nf3 Rad8 19. Rxe8+ Rxe8 20. Ne5 Rc8 21. Qb3 Rc7 22. Rd1 Nd5 23. Ng4 Nf6 24. Ne3 c5 25. dxc5 Qxc5 26. Bxb7 Rxb7 27. Qa4 Kg7 28. Qf4 Rd7 29. Rxd7 Nxd7 30. Qa4 Nf6 31. Kg2 a5 32. h4 Nd5 33. Nf1 Nb4 34. Qb3 Qd5+ 35. Qxd5 Nxd5 36. Kf3 Kf6 37. Nd2 Ke5 38. Ke2 h5 39. Nf3+ Kd6 40. a3 b5 41. Ng5 f6 42. Ne4+ Ke5 43. Kd3 b4 44. Nc5 bxa3 45. bxa3 Kf5 46. Kd4 Nc7 47. a4 g5 48. Ne4 gxh4 49. gxh4 Ne6+ 50. Ke3 Kg4 51. Nxf6+ Kxh4 52. f4 Nc5 53. Kd4 Nxa4 54. Kc4 Nb2+ 55. Kc3 Nd1+ 56. Kb3 Nf2 57. Nxh5 Kxh5 58. Ka4 Kg4 59. Kxa5 1/2-1/2

[Event "Wch Blitz (Women)"]
[Site "Almaty"]
[Date "2022.12.30"]
[Round "12"]
[White "Nurgali, Nazerke"]
[Black "Sachdev, Tania"]
[Result "0-1"]
[WhiteElo "2067"]
[BlackElo "2309"]
[PlyCount "68"]
[EventDate "2022.12.29"]
[EventType "swiss (blitz)"]
[EventRounds "17"]
[EventCountry "KAZ"]
[SourceTitle "CBM 211 Extra"]
[Source "ChessBase"]
[SourceDate "2023.01.31"]
[SourceVersion "1"]
[SourceVersionDate "2023.01.31"]
[SourceQuality "1"]

1. d4 Nf6 2. Nf3 e6 3. c4 b6 4. Nc3 Bb7 5. Bg5 Be7 6. e3 d5 7. cxd5 exd5 8. Bd3 0-0 9. 0-0 c5 10. Rc1 Nbd7 11. Qe2 Ne4 12. Bf4 Ndf6 13. Rfd1 Nxc3 14. Rxc3 c4 15. Bb1 b5 16. Rcc1 a5 17. Ne5 Qb6 18. Bg5 Rad8 19. Qf3 Bc8 20. h3 Qd6 21. Bf4 Qb6 22. g4 Be6 23. Bg3 Ne4 24. Bxe4 dxe4 25. Qxe4 Bd5 26. Qc2 f6 27. e4 fxe5 28. exd5 exd4 29. Qe4 Bc5 30. d6 d3 31. Rd2 Bxd6 32. Bh4 Rde8 33. Qd5+ Kh8 34. Qh5 Bf4 0-1

[Event "Wch Blitz (Women)"]
[Site "Almaty"]
[Date "2022.12.30"]
[Round "11"]
[White "Sachdev, Tania"]
[Black "Koneru, Humpy"]
[Result "0-1"]
[WhiteElo "2309"]
[BlackElo "2474"]
[PlyCount "98"]
[EventDate "2022.12.29"]
[EventType "swiss (blitz)"]
[EventRounds "17"]
[EventCountry "KAZ"]
[SourceTitle "CBM 211 Extra"]
[Source "ChessBase"]
[SourceDate "2023.01.31"]
[SourceVersion "1"]
[SourceVersionDate "2023.01.31"]
[SourceQuality "1"]

1. d4 Nf6 2. c4 e6 3. Nf3 Bb4+ 4. Bd2 a5 5. g3 0-0 6. Bg2 d5 7. 0-0 dxc4 8. Bxb4 axb4 9. Ne5 Nc6 10. Nxc6 bxc6 11. Bxc6 Ra5 12. Bg2 Ba6 13. Qd2 Qd6 14. Rd1 Rb8 15. e4 Qe7 16. d5 exd5 17. exd5 h6 18. Qd4 c3 19. bxc3 b3 20. a4 b2 21. Ra2 Qd6 22. Rd2 Qe7 23. Qe3 Qxe3 24. fxe3 Bc4 25. Raxb2 Rxb2 26. Rxb2 Rxa4 27. Nd2 Bxd5 28. e4 Nxe4 29. Nxe4 Bxe4 30. Rb8+ Kh7 31. Bxe4+ Rxe4 32. Kf2 Rc4 33. Rb3 Kg6 34. Ke3 Kf5 35. Kd3 Rc6 36. Rb5+ Kg4 37. Kd4 Kh3 38. Rb2 g5 39. c4 Rd6+ 40. Kc5 f5 41. Rf2 Kg4 42. Re2 f4 43. gxf4 gxf4 44. Re7 f3 45. Rg7+ Kf4 46. Rxc7 Rf6 47. Ra7 f2 48. Ra1 Ke3 49. Kd5 f1Q 0-1

[Event "Wch Blitz (Women)"]
[Site "Almaty"]
[Date "2022.12.30"]
[Round "17"]
[White "Sachdev, Tania"]
[Black "Paehtz, Elisabeth"]
[Result "0-1"]
[WhiteElo "2309"]
[BlackElo "2396"]
[PlyCount "78"]
[EventDate "2022.12.29"]
[EventType "swiss (blitz)"]
[EventRounds "17"]
[EventCountry "KAZ"]
[SourceTitle "CBM 211 Extra"]
[Source "ChessBase"]
[SourceDate "2023.01.31"]
[SourceVersion "1"]
[SourceVersionDate "2023.01.31"]
[SourceQuality "1"]

1. d4 d6 2. Nf3 g6 3. c4 Bg7 4. Nc3 Nc6 5. d5 Na5 6. e4 c5 7. Bd3 Bg4 8. h3 Bxf3 9. Qxf3 Nf6 10. Qe2 0-0 11. 0-0 a6 12. Bc2 Nd7 13. f4 e6 14. dxe6 fxe6 15. Be3 Nc6 16. Qg4 Qe7 17. Bd3 Nd4 18. Rad1 Rae8 19. Rd2 Nb8 20. Bc2 Nbc6 21. Ba4 Rb8 22. Bxc6 bxc6 23. Ne2 e5 24. f5 gxf5 25. exf5 Kh8 26. Ng3 Bf6 27. Nh5 Rg8 28. Qe4 Rbd8 29. Nxf6 Qxf6 30. Bxd4 cxd4 31. Qxc6 Rc8 32. Qxa6 e4 33. Qb6 d3 34. b3 Rc5 35. Qb7 Qd4+ 36. Rdf2 e3 37. Rf4 Qf6 38. Qe4 e2 39. Rb1 Re5 0-1

[Event "Wch Blitz (Women)"]
[Site "Almaty"]
[Date "2022.12.29"]
[Round "9"]
[White "Mammadzada, Gunay Vuqar Qizi"]
[Black "Sachdev, Tania"]
[Result "1/2-1/2"]
[WhiteElo "2383"]
[BlackElo "2309"]
[PlyCount "100"]
[EventDate "2022.12.29"]
[EventType "swiss (blitz)"]
[EventRounds "17"]
[EventCountry "KAZ"]
[SourceTitle "CBM 211 Extra"]
[Source "ChessBase"]
[SourceDate "2023.01.31"]
[SourceVersion "1"]
[SourceVersionDate "2023.01.31"]
[SourceQuality "1"]

1. e4 e5 2. Nf3 Nc6 3. Bb5 a6 4. Ba4 Nf6 5. 0-0 Be7 6. Re1 b5 7. Bb3 0-0 8. c3 d5 9. exd5 Nxd5 10. Nxe5 Nxe5 11. Rxe5 c6 12. d3 Bd6 13. Re1 Qh4 14. g3 Qh3 15. Re4 Qf5 16. Nd2 Be6 17. Nf3 c5 18. Ng5 h6 19. Nxe6 fxe6 20. Qe2 Rae8 21. Bd2 Kh8 22. Re1 Nc7 23. Bf4 e5 24. Bd2 Ne6 25. Kg2 Ng5 26. Bxg5 Qxg5 27. d4 cxd4 28. cxd4 Bb4 29. Rf1 Bd6 30. f4 Qg6 31. dxe5 Bc5 32. e6 Qf6 33. Rf3 Re7 34. Rd3 a5 35. a4 bxa4 36. Bxa4 Rb8 37. Bb3 a4 38. Bxa4 Rxb2 39. Rd2 Rxd2 40. Qxd2 Rxe6 41. Rxe6 Qxe6 42. Bc2 Qc6+ 43. Kh3 Qe6+ 44. g4 Qe3+ 45. Qxe3 Bxe3 46. Kg3 g5 47. f5 Bd4 48. h4 gxh4+ 49. Kxh4 Kg7 50. Bd3 Bf6+ 1/2-1/2

[Event "Wch Blitz (Women)"]
[Site "Almaty"]
[Date "2022.12.29"]
[Round "7"]
[White "Ovod, Evgenija"]
[Black "Sachdev, Tania"]
[Result "0-1"]
[WhiteElo "2195"]
[BlackElo "2309"]
[PlyCount "76"]
[EventDate "2022.12.29"]
[EventType "swiss (blitz)"]
[EventRounds "17"]
[EventCountry "KAZ"]
[SourceTitle "CBM 211 Extra"]
[Source "ChessBase"]
[SourceDate "2023.01.31"]
[SourceVersion "1"]
[SourceVersionDate "2023.01.31"]
[SourceQuality "1"]

1. e4 e5 2. Nf3 Nc6 3. Bc4 Nf6 4. d3 h6 5. 0-0 d6 6. c3 g5 7. Nbd2 Bg7 8. a4 Qe7 9. a5 a6 10. Bb3 Be6 11. Nc4 Rd8 12. Ne3 0-0 13. h3 Qd7 14. Kh2 d5 15. Ba4 dxe4 16. Bxc6 Qxc6 17. Nxe5 Qd6 18. d4 Nd7 19. Qc2 f6 20. Qxe4 fxe5 21. d5 Nf6 22. Qg6 Nxd5 23. Rd1 Qe7 24. Nxd5 Rxd5 25. Be3 Rxd1 26. Rxd1 Bf5 27. Qh5 Rd8 28. Re1 Qf7 29. Qf3 e4 30. Qg3 Re8 31. f4 exf3 32. Qxf3 Be4 33. Qg4 Bc6 34. h4 Be5+ 35. Kg1 Bf4 36. hxg5 Bxe3+ 37. Rxe3 Rxe3 38. gxh6+ Kh7 0-1

[Event "Wch Blitz (Women)"]
[Site "Almaty"]
[Date "2022.12.29"]
[Round "2"]
[White "Petrova, Irina"]
[Black "Sachdev, Tania"]
[Result "0-1"]
[WhiteElo "2023"]
[BlackElo "2309"]
[PlyCount "80"]
[EventDate "2022.12.29"]
[EventType "swiss (blitz)"]
[EventRounds "17"]
[EventCountry "KAZ"]
[SourceTitle "CBM 211 Extra"]
[Source "ChessBase"]
[SourceDate "2023.01.31"]
[SourceVersion "1"]
[SourceVersionDate "2023.01.31"]
[SourceQuality "1"]

1. e4 e5 2. Nf3 Nc6 3. Bb5 a6 4. Ba4 Nf6 5. d3 d6 6. c3 g6 7. 0-0 Bg7 8. Nbd2 0-0 9. Re1 Nd7 10. Nf1 Nc5 11. Bc2 Ne6 12. b4 f5 13. Bb2 fxe4 14. dxe4 Nf4 15. Ne3 Kh8 16. Bd3 Be6 17. Bf1 Qf6 18. Nd5 Qd8 19. Nxf4 Rxf4 20. Bc1 Rf8 21. Bg5 Qd7 22. Nd2 Qf7 23. Qe2 Bxa2 24. f3 Be6 25. Be3 Bd7 26. Qd1 Nd8 27. Bc4 Be6 28. Qb3 Bxc4 29. Nxc4 Ne6 30. Na5 b6 31. Nc4 Bf6 32. Nd2 Qe7 33. Qc4 Bg5 34. Rxa6 Rxa6 35. Qxa6 Bxe3+ 36. Rxe3 Qg5 37. Re2 Nf4 38. Rf2 Nh3+ 39. Kf1 Nxf2 40. Kxf2 Qxd2+ 0-1

[Event "Wch Blitz (Women)"]
[Site "Almaty"]
[Date "2022.12.29"]
[Round "8"]
[White "Sachdev, Tania"]
[Black "Dzagnidze, Nana"]
[Result "1/2-1/2"]
[WhiteElo "2309"]
[BlackElo "2416"]
[PlyCount "98"]
[EventDate "2022.12.29"]
[EventType "swiss (blitz)"]
[EventRounds "17"]
[EventCountry "KAZ"]
[SourceTitle "CBM 211 Extra"]
[Source "ChessBase"]
[SourceDate "2023.01.31"]
[SourceVersion "1"]
[SourceVersionDate "2023.01.31"]
[SourceQuality "1"]

1. d4 Nf6 2. c4 e6 3. Nf3 d5 4. Nc3 Bb4 5. Qa4+ Nc6 6. a3 Bxc3+ 7. bxc3 Ne4 8. e3 0-0 9. Qc2 Na5 10. Bd3 Nf6 11. cxd5 exd5 12. 0-0 c5 13. dxc5 Qc7 14. c4 dxc4 15. Bxc4 Nxc4 16. Qxc4 Be6 17. Qc2 Rfc8 18. Bb2 Qxc5 19. Qxc5 Rxc5 20. Bxf6 gxf6 21. Rfc1 Rac8 22. Rxc5 Rxc5 23. Nd4 Kf8 24. Kf1 Ke7 25. Ke1 Rh5 26. h3 Rg5 27. Rb1 Bc8 28. g4 h5 29. f3 Ra5 30. Rb3 Kd8 31. Kd2 Rc5 32. Nb5 a6 33. Nd6 Rc7 34. Ne4 Ke7 35. Ng3 hxg4 36. hxg4 b5 37. Ne4 Be6 38. Rc3 Rxc3 39. Kxc3 f5 40. gxf5 Bxf5 41. Nc5 Bc8 42. Kd4 Kd6 43. e4 f6 44. f4 a5 45. e5+ fxe5+ 46. fxe5+ Kc6 47. Nb3 Kb6 48. Nc5 Kc6 49. Nb3 Kb6 1/2-1/2

[Event "Wch Rapid (Women)"]
[Site "Almaty"]
[Date "2022.12.28"]
[Round "10"]
[White "Nurmanova, Alua"]
[Black "Sachdev, Tania"]
[Result "1-0"]
[WhiteElo "2123"]
[BlackElo "2318"]
[PlyCount "51"]
[EventDate "2022.12.26"]
[EventType "swiss (rapid)"]
[EventRounds "11"]
[EventCountry "KAZ"]
[SourceTitle "CBM 211 Extra"]
[Source "ChessBase"]
[SourceDate "2023.01.31"]
[SourceVersion "1"]
[SourceVersionDate "2023.01.31"]
[SourceQuality "1"]

1. e4 e5 2. Nf3 Nc6 3. d4 exd4 4. Nxd4 Nf6 5. Nxc6 bxc6 6. e5 Qe7 7. Qe2 Nd5 8. h4 Qe6 9. g3 Bc5 10. c4 Bb4+ 11. Nd2 Nb6 12. a3 Bxd2+ 13. Bxd2 0-0 14. b3 Re8 15. Bc3 d6 16. Bh3 Qe7 17. Bg2 Bd7 18. f4 dxe5 19. fxe5 Qc5 20. Qe4 Bf5 21. Qd4 Qxd4 22. Bxd4 Rad8 23. 0-0-0 Bd7 24. Rhe1 Nc8 25. Bc5 f6 26. e6 1-0

[Event "Wch Rapid (Women)"]
[Site "Almaty"]
[Date "2022.12.27"]
[Round "6"]
[White "Dzagnidze, Nana"]
[Black "Sachdev, Tania"]
[Result "0-1"]
[WhiteElo "2475"]
[BlackElo "2318"]
[PlyCount "77"]
[EventDate "2022.12.26"]
[EventType "swiss (rapid)"]
[EventRounds "11"]
[EventCountry "KAZ"]
[SourceTitle "CBM 211 Extra"]
[Source "ChessBase"]
[SourceDate "2023.01.31"]
[SourceVersion "1"]
[SourceVersionDate "2023.01.31"]
[SourceQuality "1"]

1. c4 e5 2. Nc3 Nf6 3. Nf3 Nc6 4. e3 d5 5. cxd5 Nxd5 6. Bb5 Nxc3 7. bxc3 Bd6 8. d4 exd4 9. cxd4 0-0 10. 0-0 Bf5 11. Bb2 a6 12. Bd3 Bxd3 13. Qxd3 h6 14. e4 Re8 15. Rad1 Bf8 16. d5 Nb4 17. Qb3 a5 18. a3 Na6 19. e5 Nc5 20. Qc4 Qd7 21. Rfe1 Qa4 22. Qc1 Rad8 23. Rd4 Qb5 24. Qc2 Nb3 25. Rd3 a4 26. Red1 Nc5 27. Re3 Nb3 28. e6 fxe6 29. dxe6 Rxd1+ 30. Qxd1 Nc5 31. e7 Rxe7 32. Qd5+ Kh8 33. Qd8 Rf7 34. Ne5 Rf6 35. Ng6+ Rxg6 36. Qxf8+ Kh7 37. Bc3 Ne6 38. Qf7 Qc6 39. f3 0-1

[Event "Asian Continental op (Women) 19th"]
[Site "Delhi"]
[Date "2022.11.01"]
[Round "7"]
[White "Sachdev, Tania"]
[Black "Kurmangaliyeva, Liya"]
[Result "1/2-1/2"]
[WhiteElo "2406"]
[BlackElo "2199"]
[PlyCount "73"]
[EventDate "2022.10.26"]
[EventType "swiss"]
[EventRounds "9"]
[EventCountry "IND"]
[SourceTitle "EXT 2024"]
[Source "ChessBase"]
[SourceDate "2023.10.10"]
[SourceVersion "1"]
[SourceVersionDate "2023.10.10"]
[SourceQuality "1"]

1. d4 d5 2. c4 c6 3. Nf3 Nf6 4. Nc3 dxc4 5. a4 Bf5 6. Ne5 e6 7. e3 Nbd7 8. Nxc4 Bb4 9. Be2 0-0 10. 0-0 Re8 11. Qb3 a5 12. f4 Rb8 13. Rd1 Bg4 14. Qc2 Bxe2 15. Qxe2 b5 16. Ne5 Nxe5 17. fxe5 Nd5 18. Bd2 Nxc3 19. bxc3 Be7 20. axb5 cxb5 21. Rdb1 Qb6 22. Qf3 Qc7 23. Qe2 b4 24. cxb4 axb4 25. Rb3 Rb7 26. Rc1 Qd7 27. Qc4 Qd5 28. Qxd5 exd5 29. e4 Rb5 30. exd5 Rxd5 31. Rc4 f6 32. exf6 Bxf6 33. Rbxb4 Re2 34. Bf4 Re4 35. Be5 Bxe5 36. dxe5 Rxc4 37. Rxc4 1/2-1/2

[Event "Asian Continental op (Women) 19th"]
[Site "Delhi"]
[Date "2022.10.28"]
[Round "3"]
[White "Sachdev, Tania"]
[Black "Kiran, Manisha Mohanty"]
[Result "1-0"]
[WhiteElo "2406"]
[BlackElo "2030"]
[PlyCount "73"]
[EventDate "2022.10.26"]
[EventType "swiss"]
[EventRounds "9"]
[EventCountry "IND"]
[SourceTitle "EXT 2024"]
[Source "ChessBase"]
[SourceDate "2023.10.10"]
[SourceVersion "1"]
[SourceVersionDate "2023.10.10"]
[SourceQuality "1"]

1. d4 Nf6 2. c4 e6 3. Nf3 b6 4. a3 Ba6 5. Qc2 c5 6. e4 cxd4 7. Nxd4 d6 8. Bd3 Be7 9. 0-0 0-0 10. Nc3 Bb7 11. Rd1 a6 12. f3 Qc7 13. Be3 Nbd7 14. Rac1 Rac8 15. Qf2 Qb8 16. Bf1 Rfe8 17. Kh1 Kh8 18. Nb3 Bc6 19. Rd2 Ne5 20. Rdd1 Ned7 21. Be2 Ba8 22. Nd4 Ne5 23. Na4 Bd8 24. b3 h6 25. Nb2 d5 26. exd5 exd5 27. Nf5 Bc7 28. cxd5 Nxd5 29. Bd4 Nf4 30. Bxa6 Rcd8 31. Bf1 Qc8 32. Bxe5 Rxe5 33. Nd6 Qd7 34. Nb5 Rd5 35. Nxc7 Rxd1 36. Nxd1 Rc8 37. Qe3 1-0

[Event "Asian Continental op (Women) 19th"]
[Site "Delhi"]
[Date "2022.10.27"]
[Round "2"]
[White "Sachdev, Tania"]
[Black "Srija, Seshadri"]
[Result "1-0"]
[WhiteElo "2406"]
[BlackElo "2187"]
[PlyCount "73"]
[EventDate "2022.10.26"]
[EventType "swiss"]
[EventRounds "9"]
[EventCountry "IND"]
[SourceTitle "EXT 2024"]
[Source "ChessBase"]
[SourceDate "2023.10.10"]
[SourceVersion "1"]
[SourceVersionDate "2023.10.10"]
[SourceQuality "1"]

1. d4 d5 2. c4 e6 3. Nf3 a6 4. cxd5 exd5 5. Bf4 Bd6 6. Bg3 Nf6 7. e3 0-0 8. Bd3 Re8 9. Nc3 c6 10. Qc2 Be6 11. 0-0 Bxg3 12. hxg3 Nbd7 13. b4 Qc7 14. a4 Qd6 15. Qb2 g6 16. b5 axb5 17. axb5 c5 18. dxc5 Nxc5 19. Be2 Qf8 20. Nd4 h5 21. Rfd1 Qg7 22. b6 Nfe4 23. Nxe4 Nxe4 24. Ra7 Rab8 25. Rc1 Qf6 26. Bf3 Nd6 27. Rc7 Rbc8 28. Qb4 Rxc7 29. bxc7 Qe7 30. Nb5 Nxb5 31. Qxb5 Rc8 32. Qxb7 Qc5 33. Ra8 Rxa8 34. Qxa8+ Kg7 35. Qd8 Qc3 36. Bxd5 Bxd5 37. c8Q 1-0